000 00848nam a22002532a 4500
001 19455
003 BD-RjUL
005 20211209000432.0
008 140224r19521945nyua 000 1 eng d
035 _a(BD-RjUL)19515
040 _aTXR
_cTXR
_dCPT
_dEQO
_dBD-RjUL
_beng
041 _aeng
082 0 4 _a822.3
_bDES 1952
090 _aPR2490
_b.A1 1927b
100 1 _aDekker, Thomas,
_dapproximately 1572-1632.
_954010
245 1 4 _aThe shoemaker's holiday /
_cby Thomas Dekker ; edited by Guy N. Pocock
260 _aLondon :
_bMethuen & co.,
_c1945 [reprinted 1952].
300 _axviii, 93 p. ;
_c17 cm.
490 0 _aMethuen's Enlish Classics
650 1 _aEnglish drama (Comedy) -- Early modern and Elizabethan, 1500-1600.
_959775
700 1 _aWilliams, W. Tom
_959776
830 0 _aKing's treasuries of literature
_962610
942 _2ddc
_cBK
999 _c19455
_d19455